000 00423nam a22001577a 4500
999 _c1940
_d1940
008 200207b ||||| |||| 00| 0 eng d
082 0 0 _a6201
_bW1772
100 _9763
_aWalker, J. D.
245 1 0 _aMechanical engineering science for National certificate, Vol - I
_cby J D Walker
250 _a9th
260 _aLondon
_bEUP
_c1951
300 _axi,195p.
365 _d5.14
650 0 _aMechanical Engineering
942 _cBK